000 00312nam a2200109 4500
999 _c13593
_d13593
008 190328b ||||| |||| 00| 0 eng d
245 _aTraffic jams contributing to lung cancer-physician.
260 _aPhilippines
_bThe Philippine Star
_cc2018
300 _apage 3.
650 0 _937904
_aHealth.
942 _2ddc
_cPER